00856cam a2200289 a 45000010005000000030006000050050017000110080041000280100017000690200015000860200018001010400023001190420009001420500026001510820012001771000019001892450072002082600035002803000046003154400020003615050009003815200074003905210028004645210018004926500023005107000033005332019FISKH20250516093938.0000919s2001 nyua b 000 1 eng  a 00047368  a0516222627 a9780516259644 aDLCcDLCdDLCbeng alcac00aPZ7.M515916bGam 200100a4602211 aMeister, Cari.10aGame day /cwritten by Cari Meister ; illustrated by Mark A. Hicks. aNew York :bScholastic,c2001. a23 pages :bcolor illustrations ;c18 cm. 0aA Rookie reader aB  aIllustrations and simple text describe the events of a baseball game.8 a50 bLexile estimate 8 aB bRaz-Plus  1aBaseballvFiction.1 aHicks, Mark A.eillustrator